000 00575nam a2200217Ia 4500
005 20250326140711.0
008 250326s9999 xx 000 0 und d
020 _a978-0-230-60615-9
037 _aTextbook
040 _aFMSL
_beng
_cFMSL
041 _aeng
_2eng
084 _aX991 P5
_qFMSL
100 _aSmith S C
_9124159
245 0 _aEnding global poverty
_cSmith S C
260 _aNY
_bNY, Palgrave Macmillan
_c2008
300 _a259p
365 _b1424.5999999999999
650 _aManagement
942 _cTB
_hX991 P5
999 _c1286927
_d1286927